| 000 | nam a22 7a 4500 | ||
|---|---|---|---|
| 999 |
_c27803 _d27803 |
||
| 008 | 170210b xxu||||| |||| 00| 0 eng d | ||
| 020 | _a9780077293406 | ||
| 050 | _aLB 1051 .S26 2008 | ||
| 100 | _aSantrock,John W. | ||
| 245 |
_aSelected Material from: _bEducational Psychology/ _cJohn W. Santrock |
||
| 250 | _a3rd ed. | ||
| 260 |
_aBoston: _bMc Graw-Hill, _c2008. |
||
| 300 |
_axlxi,564, (65)p.; _bill.; _c27cm. |
||
| 521 | _aIncludes index. | ||
| 650 | _aEducational Psychology. | ||
| 942 |
_2lcc _cBOOKS _hLB 1051 .S26 2008 |
||